| 000 | 00647nam a22001817a 4500 | ||
|---|---|---|---|
| 003 | 0 | ||
| 005 | 20241114144551.0 | ||
| 008 | 241114b xxu||||| |||| 00| 0 eng d | ||
| 020 | _a9789811273896 | ||
| 050 |
_aQA 305 _b.J86 2024 |
||
| 100 |
_aJungić, Veselin, _eauthor. |
||
| 245 |
_aDifferential calculus : _bproblems and solutions from fundamentals to nuances / _cVeselin Jungić, Petra Menz, Randall Pyke. |
||
| 260 |
_aNew Jersey : _bWorld Scientific, _c2024. |
||
| 300 |
_axxxiii, 293 p. ; _c23 cm. |
||
| 504 | _aIncludes bibliographical references and index. | ||
| 650 |
_aDifferential calculus _vProblems, exercises, etc. |
||
| 942 |
_2lcc _cBK |
||
| 999 |
_c366719 _d366719 |
||